| 000 | 00646 a2200181 4500 | ||
|---|---|---|---|
| 020 |
_a8126505397 _c449.00 |
||
| 035 | _aB-210780 | ||
| 037 | _bRP-ZLS-2720 / PANSY-07-08:3 / RP-07-08:ENG | ||
| 082 | 1 | 4 | _a005.754 |
| 090 |
_c2044 _d2044 |
||
| 245 | 1 |
_aBeginning PHP 5 _cby Dave W. Mercer...(et al) |
|
| 260 |
_aNew Delhi _bWiley India _c2006r |
||
| 270 |
_a4435/7, Ansari Road, Daryaganj _bNew Delhi _cDelhi _e110002 _k23260877 _l23275895 |
||
| 300 |
_axxiii, 859 p _c24 cm (pbk) |
||
| 500 | _athis is reprint of 2006 | ||
| 942 |
_adpl _cEN _k005.754 / BEG |
||
| 999 |
_c2010 _d2010 |
||